Online Public Access Catalogue

High Risk Pregnancy (Record no. 7423)

MARC details
000 -LEADER
fixed length control field 00397nam a2200145Ia 4500
082 ## - DEWEY DECIMAL CLASSIFICATION NUMBER
Classification number WQ 240
Author Mark JAM
100 ## - MAIN ENTRY--PERSONAL NAME
Author Name James, David K. (ed)
245 #0 - TITLE STATEMENT
Title High Risk Pregnancy
Statement of responsibility, etc. James, David K. (ed)
250 ## - EDITION STATEMENT
Edition statement 4th
260 ## - PUBLICATION, DISTRIBUTION, ETC.
Place of publication, distribution, etc. London
Name of publisher, distributor, etc. W.B. Saunders
Date of publication, distribution, etc. 2011
490 ## - SERIES STATEMENT
Volume/sequential designation 01
650 ## - SUBJECT ADDED ENTRY--TOPICAL TERM
Subject Pregnancy complications. Pregnancy, management.
942 ## - ADDED ENTRY ELEMENTS (KOHA)
Koha item type Books
952 ## - LOCATION AND ITEM INFORMATION (KOHA)
-- 2018-03-16
Holdings
Withdrawn status Lost status Damaged status Not for loan Home library Current library Shelving location Date acquired Total Checkouts Full call number Barcode Date last seen Koha item type
        Islamabad Medical and Dental College Islamabad Medical and Dental College Islamabad Medical and Dental College 16/03/2018   WQ 240 9184 16/03/2018 Books

Copyright @ IMDC Library
Islamabad Medical and Dental College
Bhara Kahu, Islamabad

  Contact the Librarian, IMDC
  Email:: library@imdcollege.edu.pk

  OPAC Customized by
  Mazhar Hussain,
  Librarian:
  Islamabad Medical and Dental College
  Email:: library@imdcollege.edu.pk